书目信息 |
| 题名: |
创业能力心理学
|
|
| 作者: | 刘穿石 著 | |
| 分册: | ||
| 出版信息: | 西安 陕西师范大学出版社 2004 |
|
| 页数: | 224页 | |
| 开本: | 23cm | |
| 丛书名: | 职业生涯规划丛书 | |
| 单 册: | ||
| 中图分类: | B848.2 | |
| 科图分类: | ||
| 主题词: | 大学生--职业选择--基本知识 , 个性心理学 , 人格心理学 | |
| 电子资源: | ||
| ISBN: | 7-5613-2904-0 | |
| 000 | 01272nam0 2200373 450 | |
| 000 | 01235nam0 2200361 450 | |
| 000 | 01162nam0 2200349 450 | |
| 000 | 01108nam0 2200325 450 | |
| 000 | 01126nam0 2200313 450 | |
| 000 | 01089nam0 2200301 45 | |
| 001 | TS-058023 | |
| 005 | 20070111150414.06 | |
| 010 | @a7-5613-2904-0@dCNY25.00 | |
| 100 | @a20060829d2004 em y0chiy0110 ea | |
| 101 | 0 | @achi |
| 102 | @aCN@b610000 | |
| 105 | @ay z 000yy | |
| 200 | 1 | @a创业能力心理学@Achuang ye neng li xin li xue@f刘穿石著@Fliu chuan shi zhu |
| 210 | @a西安@c陕西师范大学出版社@d2004 | |
| 215 | @a224页@d23cm | |
| 225 | 2 | @a职业生涯规划丛书 |
| 300 | @a江苏省重点学科基础心理学项目资助出版 | |
| 330 | @a本书针对现代大学生特点与现代社会创业环境,论述了创业理念与创业能力,创业能力的构成,创业能力的培养等。 | |
| 410 | 0 | @1001002664553@12001 @a职业生涯规划丛书 |
| 510 | 1 | @aPsychology of Starting an Enterprise@zeng |
| 606 | 0 | @a大学生@x职业选择@x基本知识 |
| 606 | 0 | @a个性心理学 |
| 606 | 0 | @a人格心理学 |
| 690 | @aB848.2@v4 | |
| 701 | 0 | @a刘穿石@Aliu chuan shi@4著 |
| 801 | 0 | @aCN@b中图数据@c20070111 |
| 905 | @a10447@dB848.2@e704 | |
| 创业能力心理学/刘穿石著.-西安:陕西师范大学出版社,2004 |
| 224页;23cm.-(职业生涯规划丛书) |
| 江苏省重点学科基础心理学项目资助出版 |
| ISBN 7-5613-2904-0:CNY25.00 |
| 本书针对现代大学生特点与现代社会创业环境,论述了创业理念与创业能力,创业能力的构成,创业能力的培养等。 |
| ● |
| 相关链接 |
|
|
|
|
正题名:创业能力心理学
索取号:B848.2/704
 
预约/预借
| 序号 | 登录号 | 条形码 | 馆藏地/架位号 | 状态 | 备注 |
| 1 | 0602094 | 206020946 | 第一样本阅览室/ [索取号:B848.2/704] | 在馆 | |
| 2 | 0602095 | 206020955 | 第一借阅区/ [索取号:B848.2/704] | 在馆 | |
| 3 | 0602096 | 206020964 | 第一借阅区/ [索取号:B848.2/704] | 在馆 | |
| 4 | 0602097 | 206020973 | 第一借阅区/ [索取号:B848.2/704] | 在馆 | |
| 5 | 0602098 | 206020982 | 第一借阅区/ [索取号:B848.2/704] | 在馆 |